Camino de Santiago: Etapa La Rioja - Estadísticas

Estadísticas generales
  • Esta prueba ha sido intentada 2 veces
  • La puntuación promedio es 4 de 27
Respuestas en el mapa
Las respuestas están codificadas por una escala verde-roja en el mapa de la prueba según el % correcto abajo.
 
Estadísticas de respuestas
Lugar % Correcto
Calahorra
100%
Logroño
100%
Alfaro
50%
Navarrete
50%
Santo Domingo de la Calzada
50%
Agoncillo
0%
Alcanadre
0%
Aldeanueva de Ebro
0%
Alesón
0%
Arrúbal
0%
Azofra
0%
Badarán
0%
Cárdenas
0%
Cirueña
0%
Entrena
0%
Lardero
0%
Medrano
0%
Murillo de Calahorra
0%
Nájera
0%
Pradejón
0%
Rincón de Soto
0%
San Millán de la Cogolla
0%
Sotés
0%
Tricio
0%
Varea
0%
Ventosa
0%
Villar de Torre
0%
No se encontraron pruebas coincidentes
Distribución de puntuación
Porcentaje de gente con cada puntuación
Porcentaje por número respondido
Historial de tus puntuaciones
No has intentado esta prueba.